Rhymes with 'Rap' Quiz Stats

 Plays Quiz Updated Jul 14, 2014

Support Sporcle.
Go Orange.
Score 0/25 Timer 03:00
11 Plays Today
% Correct
map
96.1%
nap
95.6%
tap
95.4%
lap
95.3%
cap
94.6%
sap
91.2%
gap
90%
crap
88.5%
hap
86.1%
trap
84.9%
zap
84.4%
pap
84.2%
clap
82.1%
% Correct
slap
78.1%
yap
75.8%
chap
69.4%
flap
67%
frap
66%
snap
64.7%
app
62.9%
wrap
57.5%
strap
48.8%
scrap
34.4%
knap
24.3%
nappe
12%

You're not logged in!

Compare scores with friends on all Sporcle quizzes.
OR
Log In

From the Vault

Populous Countries (Asia)

by robhop

Some of these countries look a bit crowded.
Remove Ads.
Support Sporcle.
Get the best of Sporcle when you Go Orange. This ad-free experience offers more features, more stats, and more fun while also helping to support Sporcle. Thank you for becoming a member.

Show Comments

Extras

Top Quizzes Today


Score Distribution

Your Account Isn't Verified!

In order to create a playlist on Sporcle, you need to verify the email address you used during registration. Go to your Sporcle Settings to finish the process.

Report this User

Report this user for behavior that violates our Community Guidelines.

Details: